[Event "Ambalangoda Dhamso op 6th"]
[Site "Ambalangoda"]
[Date "2016.04.30"]
[Round "3"]
[White "Pathirana, Malan"]
[Black "Weerasinghe, Chamath"]
[Result "0-1"]
[WhiteElo "1337"]
[BlackElo "1746"]
[PlyCount "164"]
[EventDate "2016.04.29"]
[EventType "swiss"]
[EventRounds "9"]
[EventCountry "SRI"]
[SourceTitle "EXT 2017"]
[Source "ChessBase"]
[SourceDate "2016.10.25"]
[SourceVersion "1"]
[SourceVersionDate "2016.10.25"]
[SourceQuality "1"]

1. e4 c5 2. Nc3 g6 3. g3 Bg7 4. Bg2 Nc6 5. Nge2 d6 6. d3 e6 7. 0-0 Nge7 8. Be3 0-0 9. Qd2 Re8 10. f4 Rb8 11. g4 f5 12. gxf5 exf5 13. h3 Be6 14. Kh2 Qd7 15. Rg1 b6 16. Bf2 d5 17. e5 d4 18. Nd1 Rbd8 19. h4 Bh6 20. Qe1 Nd5 21. Bg3 Ncb4 22. Qd2 Nc6 23. Qe1 Kh8 24. a3 Rg8 25. Qf2 Qe7 26. Bh3 Rdf8 27. Qf3 Nd8 28. b3 Nc7 29. Bg2 Bd5 30. Qf1 Nde6 31. Bxd5 Nxd5 32. Qf3 Ndxf4 33. Nxf4 Bxf4 34. Kg2 Bxg3 35. Qxg3 f4 36. Qf2 f3+ 37. Kf1 Nf4 38. Rh1 Qxe5 39. Nb2 Ne2 40. Rh3 Qf5 41. Rh1 Qg4 42. Rg1 Nxg1 43. Qxg1 Qh3+ 44. Kf2 Qxh4+ 45. Qg3 Qxg3+ 46. Kxg3 f2 47. Rf1 Rg7 48. Rxf2 Rxf2 49. Kxf2 Rf7+ 50. Kg2 h5 51. Nc4 Kh7 52. a4 Re7 53. Kf2 Kh6 54. a5 b5 55. Nd6 a6 56. Nc8 Rf7+ 57. Kg2 h4 58. Nd6 Re7 59. Ne4 Rxe4 60. dxe4 g5 61. Kf3 h3 62. Kg3 g4 63. Kxg4 h2 64. Kf5 Kg7 65. e5 Kf7 66. e6+ Ke7 67. Ke5 h1Q 68. b4 cxb4 69. Kxd4 Kxe6 70. Kc5 Qd5+ 71. Kxb4 Qc4+ 72. Ka3 Qa4+ 73. Kb2 Qxa5 74. c3 Kd5 75. Kb3 Kc5 76. Kc2 Kc4 77. Kd2 Qxc3+ 78. Ke2 Qg3 79. Kd2 Qf3 80. Kc2 Qe2+ 81. Kb1 Kb3 82. Ka1 Qa2# 0-1

[Event "SRI-chB"]
[Site "Malabe"]
[Date "2015.06.19"]
[Round "2"]
[White "Weerasinghe, Chamath"]
[Black "Gunawardena, IMPT"]
[Result "1-0"]
[WhiteElo "1825"]
[BlackElo "1532"]
[PlyCount "59"]
[EventDate "2015.06.19"]
[EventType "swiss"]
[EventRounds "10"]
[EventCountry "SRI"]
[SourceTitle "CBM 167 Extra"]
[Source "ChessBase"]
[SourceDate "2015.09.14"]
[SourceVersion "1"]
[SourceVersionDate "2015.09.14"]
[SourceQuality "1"]

1. e4 c5 2. Nf3 Nc6 3. d4 cxd4 4. Nxd4 g6 5. c4 Bg7 6. Be3 Nf6 7. Nc3 d6 8. Be2 Nxd4 9. Qxd4 0-0 10. Qd2 Be6 11. Rc1 Rc8 12. b3 Qa5 13. 0-0 Kh8 14. f3 Nd7 15. Rfd1 a6 16. Bd4 Ne5 17. f4 Nc6 18. Bxg7+ Kxg7 19. g4 f5 20. gxf5 gxf5 21. Kh1 fxe4 22. Qb2 Rf6 23. Nxe4 Bf5 24. Nxf6 exf6 25. Bd3 Bxd3 26. Rxd3 Qf5 27. Qg2+ Kf7 28. Rg3 Qxf4 29. Rg7+ Ke6 30. Qd5# 1-0